000 00871cam a2200217 4500
001 L127073
002 7905
008 040817n2004 000 0 eng u
020 _a1843307065
035 _a(Sirsi) u127073
041 _aeng
050 _a346.41043
_c18
100 _aElyahou, Guy
245 _aLaw for home improvers and self-builders
_ball you need to know about buying, building and improving your home
260 _aLondon
_bNew Holland Publishers
_c2004
300 _a176p.
_c21cm.
350 _a7.99
520 _aIntroduces the basic legal concepts likely to be encountered by those building their own houses or involved in home improvement projects. Part 1 covers buying, planning and developing land and Part 2 home extensions and renovations. Appendices cover Scottish law and Latin terms.
690 _aResidential property
_96266
942 _n0
999 _c103698
_d103698